000
00258nam a2200109Ia 4500
008
200302s9999 xx 000 0 und d
100
_a
Ernst Lehner
245
_a
Symbols, Signs & Signets
260
_b
Dover Publications Inc.,
260
_c
1950
300
_a
221 P.,
999
_c
81
_d
81